[Event "ch-POL 2012"]
[Site "Warsaw POL"]
[Date "2012.02.20"]
[Round "3"]
[White "Gajewski,G"]
[Black "Wojtaszek,R"]
[Result "1/2-1/2"]
[WhiteElo "2616"]
[BlackElo "2706"]

1.d4 Nf6 2.c4 e6 3.Nf3 d5 4.Nc3 dxc4 5.e4 Bb4 6.Bg5 c5 7.Bxc4 cxd4 8.Nxd4 Bxc3+
9.bxc3 Qa5 10.Bb5+ Bd7 11.Bxf6 gxf6 12.Bxd7+ Nxd7 13.O-O Qxc3 14.Qa4 O-O
15.Nxe6 Nb6 16.Qd4 Rfc8 17.Qxc3 Rxc3 18.Nd4 Rc4 19.Rfd1 Na4 20.Nf5 Rxe4 21.Rac1 Re5
22.g4 Rc5 23.Rxc5 Nxc5 24.Rd6 Ne6 25.Rd7 Rb8 26.Nh6+ Kg7 27.Nxf7 Nc5 28.Rc7 Ne6
29.Rd7 Nc5 30.Rc7 Ne6  1/2-1/2

[Event "ch-POL 2012"]
[Site "Warsaw POL"]
[Date "2012.02.22"]
[Round "5"]
[White "Swiercz,D"]
[Black "Wojtaszek,R"]
[Result "0-1"]
[WhiteElo "2583"]
[BlackElo "2706"]

1.e4 c5 2.Nf3 d6 3.d4 cxd4 4.Nxd4 Nf6 5.Nc3 a6 6.Bg5 e6 7.f4 h6 8.Bh4 Qb6
9.Qd3 Qxb2 10.Rb1 Qa3 11.f5 Be7 12.fxe6 Bxe6 13.Nxe6 fxe6 14.Be2 Nbd7 15.O-O Rc8
16.Be1 Qc5+ 17.Kh1 Qe5 18.Qh3 O-O 19.Bg3 Qxc3 20.Qxe6+ Rf7 21.Bh5 Rf8 22.Bxf7+ Rxf7
23.Rxb7 Qc6 24.Rb4 Qxc2 25.Rc4 Qd3 26.Rc8+ Bf8 27.Qf5 Nc5 28.e5 Qxf5 29.Rxf5 Nfe4
30.Rxf7 Kxf7 31.Rc7+ Ke6 32.exd6 Nxg3+ 33.hxg3 Kxd6 34.Rf7 Ne6 35.Kg1 Be7
36.Kf2 Bf6 37.Ke3 Nc5 38.g4 Nd7  0-1

[Event "ch-POL 2012"]
[Site "Warsaw POL"]
[Date "2012.02.23"]
[Round "6"]
[White "Wojtaszek,R"]
[Black "Bulski,K"]
[Result "1/2-1/2"]
[WhiteElo "2706"]
[BlackElo "2523"]

1.c4 e5 2.g3 Nf6 3.Bg2 d5 4.cxd5 Nxd5 5.Nf3 Nc6 6.O-O Nb6 7.b3 Bd6 8.Bb2 O-O
9.Nc3 Re8 10.d3 Bf8 11.Rc1 f6 12.a3 Be6 13.b4 Qd7 14.Ne4 Rad8 15.Qc2 a6 16.Nfd2 Kh8
17.Nb3 Na4 18.Ba1 Bd5 19.Rfd1 Qf7 20.Rb1 Bxb3 21.Qxb3 Qxb3 22.Rxb3 Nd4 23.Bxd4 exd4
24.Rc1 c6 25.g4 Re5 26.Rc4 Rb5 27.Nd2 Nb6 28.Rc2 h5 29.h3 hxg4 30.hxg4 Kg8
31.Rb1 Na4 32.Ra1 a5 33.bxa5 Rxa5 34.Ne4 Rda8 35.Rb1 R8a7 36.Rc4 c5 37.Rc2 b5
38.Bf3 Kf7 39.Kg2 Be7 40.Rh1 Rc7 41.Rh5 Nb6 42.Rcxc5 Bxc5 43.Nxc5 Rxa3 44.Ne4 Rb3
45.Nd6+ Ke6 46.Nxb5 Rd7 47.Rc5 Ke7 48.Bc6 Rd8 49.Be4 Rb2 50.Na7 Kf8 51.Nc6 Rd6
52.Bf3 g6 53.g5 Nd7 54.Ra5 fxg5 55.Rxg5 Kg7 56.Kg3 Kf6 57.Rg4 g5 58.Nxd4 Ne5
59.Re4 Rb4 60.Rxe5 Kxe5 61.Nc6+ Rxc6 62.Bxc6 Rb2 63.Bf3 Rd2 64.Bg4 Ra2 65.Kf3 Ra4
66.Bh5 Rb4 67.Bg6 Rb2 68.Ke3 Rb3 69.Bf7 Ra3 70.Kf3 Rc3 71.Bc4 Ra3 72.e3 Rc3
73.d4+ Kf6 74.Bb5 Rb3 75.Ba6 Ra3 76.Bb5 Rb3 77.Bc4 Rb2 78.Bd5 Rd2 79.Bc6 Rc2
80.Bb5 Rb2 81.Bf1 Rd2 82.Kg3 Kf5 83.Bg2 Kf6 84.Be4 Ke7 85.Bd5 Kf6 86.Kg2 Ke7
87.Bf3  1/2-1/2

[Event "ch-POL 2012"]
[Site "Warsaw POL"]
[Date "2012.02.24"]
[Round "7"]
[White "Miton,K"]
[Black "Wojtaszek,R"]
[Result "1/2-1/2"]
[WhiteElo "2623"]
[BlackElo "2706"]

1.d4 Nf6 2.c4 e6 3.Nf3 c5 4.e3 g6 5.Nc3 Bg7 6.Be2 O-O 7.O-O d6 8.b3 Qe7 9.Bb2 b6
10.Qc2 Bb7 11.Rad1 Nbd7 12.dxc5 Nxc5 13.Nd4 a6 14.Bf3 Rac8 15.Bxb7 Qxb7 16.Qe2 Rfd8
17.h3 d5 18.cxd5 Nxd5 19.Nxd5 Rxd5 20.Nf3 Rcd8 21.Bxg7 Kxg7 22.Qc2 a5 23.Rd4 Rxd4
24.exd4 Na6 25.Rc1 Nb4 26.Qe2 Rc8 27.Rc4 Nd5 28.Qe5+ Kg8 29.Qd6 Qb8 30.Qxb8 Rxb8
31.Ne5 Rb7 32.Rc8+ Kg7 33.Nc4 Kf6 34.Kf1 Rd7 35.Ne5 Ra7 36.a4 Rb7 37.Nc4 Ne7
38.Rd8 Nf5 39.Nd6 Nxd6 40.Rxd6 Ke7 41.Rc6 Kd7 42.Rc4 Rb8 43.Ke2 Kd6  1/2-1/2

[Event "ch-POL 2012"]
[Site "Warsaw POL"]
[Date "2012.02.25"]
[Round "8"]
[White "Wojtaszek,R"]
[Black "Macieja,B"]
[Result "1/2-1/2"]
[WhiteElo "2706"]
[BlackElo "2617"]

1.d4 Nf6 2.c4 e6 3.Nf3 d5 4.Nc3 dxc4 5.e4 Bb4 6.Bxc4 Nxe4 7.O-O Nxc3 8.bxc3 Be7
9.Ne5 O-O 10.Qg4 Nc6 11.Re1 f5 12.Qf3 Nxe5 13.Rxe5 Kh8 14.Bf4 Bd6 15.Re2 Bxf4
16.Qxf4 Qd6 17.Re5 Bd7 18.Qe3 Rae8 19.Re1 h6 20.f3 c6 21.g4 Qa3 22.h4 Qe7
23.g5 hxg5 24.hxg5 g6 25.f4 Kg7 26.d5 cxd5 27.Qd4 Kg8 28.Bxd5 b6 29.Bb3 Rf7
30.R1e3 Bc8 31.Qd2 Rd8 32.Qe2 Rd6 33.Bxe6 Rxe6 34.Rxe6 Bxe6 35.Rxe6 Qc5+
36.Kg2 Kg7 37.Qd3 Re7 38.Rxe7+ Qxe7 39.Qd4+ Kh7 40.Kf2 Kg8 41.Qd5+ Qf7 42.Qd8+ Qf8
43.Qc7 Qc5+ 44.Qxc5 bxc5 45.Ke3 Kf7 46.Kd3 Ke6 47.c4  1/2-1/2

[Event "ch-POL 2012"]
[Site "Warsaw POL"]
[Date "2012.02.26"]
[Round "9"]
[White "Wojtaszek,R"]
[Black "Kempinski,R"]
[Result "1-0"]
[WhiteElo "2706"]
[BlackElo "2610"]

1.d4 d5 2.c4 c6 3.Nc3 Nf6 4.e3 Bf5 5.cxd5 cxd5 6.Qb3 Bc8 7.Nf3 e6 8.Bd3 Nc6
9.O-O Be7 10.Bd2 O-O 11.Rfc1 Bd7 12.Ne5 Nxe5 13.dxe5 Ng4 14.f4 Bc5 15.Nd1 b6
16.h3 Nh6 17.Bb4 Rc8 18.Qa3 Bxb4 19.Qxb4 Qh4 20.Rxc8 Rxc8 21.Nc3 Qg3 22.Qd4 g6
23.Ne2 Qh4 24.Qb4 Rc5 25.Nd4 Qg3 26.Qd2 Nf5 27.Bxf5 gxf5 28.Rc1 a6 29.Qe1 Qxe1+
30.Rxe1 Bb5 31.Rd1 h5 32.Kf2 a5 33.Kg3 Kg7 34.Kh4 Kg6 35.g4 hxg4 36.hxg4 fxg4
37.Kxg4 Ba6 38.Kh4 Bc8 39.Rg1+ Kh6 40.Nf3 Rc2 41.Rg8 Kh7 42.Re8 Kg7 43.Nd4 Rc1
44.Rd8 a4 45.Nb5 Ba6 46.Nd6 Rh1+ 47.Kg3 Rg1+ 48.Kf2 Rb1 49.Rd7 Rxb2+ 50.Kg3 Bd3
51.Rxf7+ Kg8 52.Ra7 Rxa2 53.f5 Bxf5 54.Nxf5 exf5 55.e6 Kf8 56.Kf4 b5 57.Ke5 Rc2
58.Kf6 Rc8 59.Rg7 Rc6 60.Rb7 Rc8 61.Rxb5 Ra8 62.Rb1 a3 63.Rh1 Kg8 64.Rg1+ Kh7
65.Kf7  1-0

[Event "TCh-CZE Extraliga 2011-12"]
[Site "Czech Republic CZE"]
[Date "2012.04.20"]
[Round "9.2"]
[White "Wojtaszek,R"]
[Black "Bindrich,F"]
[Result "1-0"]
[WhiteElo "2704"]
[BlackElo "2548"]

1.d4 d5 2.c4 c6 3.e3 Nf6 4.Nc3 a6 5.Nf3 g6 6.Be2 Bg7 7.O-O O-O 8.a4 a5 9.cxd5 cxd5
10.Qb3 Nc6 11.Bd2 e6 12.Rfc1 Qe7 13.Ne1 Bd7 14.Nd3 Rab8 15.Nc5 Rfc8 16.Qb6 Be8
17.Nb5 Bf8 18.Na7 Nxa7 19.Qxa7 b6 20.Qxe7 Bxe7 21.Na6 Rxc1+ 22.Rxc1 Rd8 23.b3 Ne4
24.Be1 Nd6 25.Nc7 Bd7 26.g4 Ne8 27.Ba6 Bd6 28.Nb5 Bb4 29.Bxb4 axb4 30.Nc7 Nd6
31.Rc2 Kf8 32.Bd3 Nb7 33.Na6 Na5 34.Rb2 e5 35.dxe5 d4 36.e4 Bxg4 37.Nxb4 Bd1
38.Nd5 Rb8 39.b4 Nc6 40.f4 Bxa4 41.b5 Nd8 42.Nf6 Rb7 43.Rb4 Ra7 44.f5 Nb7
45.Rxd4 Nc5 46.Bc4 Bc2 47.Rd8+ Kg7 48.Ne8+ Kh6 49.Nd6 Nxe4 50.Nxf7+ Kh5 51.Be2+ Kh4
52.fxg6 Ra1+ 53.Kg2 Nc3 54.Rd4+ Be4+ 55.Rxe4+  1-0

[Event "TCh-CZE Extraliga 2011-12"]
[Site "Czech Republic CZE"]
[Date "2012.04.21"]
[Round "10.2"]
[White "Klima,L"]
[Black "Wojtaszek,R"]
[Result "0-1"]
[WhiteElo "2370"]
[BlackElo "2704"]

1.e4 c5 2.Nf3 d6 3.d4 cxd4 4.Nxd4 Nf6 5.Nc3 a6 6.Bg5 Nbd7 7.f4 Qc7 8.Qf3 h6
9.Bxf6 Nxf6 10.h3 e6 11.O-O-O b5 12.e5 Bb7 13.Qf2 Nd5 14.Bxb5+ axb5 15.Ndxb5 Qb8
16.f5 Be7 17.fxe6 fxe6 18.exd6 Bf6 19.Qe1 Kf7 20.Rf1 Nxc3 21.Nxc3 Bxg2 22.Rxf6+ gxf6
23.Qe2 Rg8 24.d7 Qf4+  0-1

[Event "TCh-CZE Extraliga 2011-12"]
[Site "Czech Republic CZE"]
[Date "2012.04.22"]
[Round "11.2"]
[White "Wojtaszek,R"]
[Black "Fedorov,Alex"]
[Result "1-0"]
[WhiteElo "2704"]
[BlackElo "2609"]

1.d4 Nf6 2.c4 g6 3.Nc3 Bg7 4.Nf3 d6 5.g3 O-O 6.Bg2 Nc6 7.O-O Bf5 8.d5 Na5
9.Nd2 c5 10.e4 Bd7 11.Qc2 e5 12.b3 Ng4 13.Bb2 f5 14.exf5 gxf5 15.h3 Nf6 16.f4 e4
17.Nd1 Qe8 18.Kh2 Qg6 19.Rf2 Kf7 20.Ne3 Rg8 21.Rg1 Bh6 22.Bh1 b6 23.g4 fxg4
24.Rg3 Rae8 25.Bxf6 Qxf6 26.Nxe4 Qe7 27.Nxg4 Bxg4 28.hxg4 Qh4+ 29.Rh3 Qxg4
30.Ng5+ Bxg5 31.Qxh7+  1-0

[Event "Rapid Match"]
[Site "Poznan POL"]
[Date "2012.07.28"]
[Round "2"]
[White "Jobava,Ba"]
[Black "Wojtaszek,R"]
[Result "0-1"]
[WhiteElo "2730"]
[BlackElo "2717"]

1.e4 c5 2.Nc3 d6 3.g3 Nc6 4.Bg2 g6 5.d3 Bg7 6.Nge2 e6 7.O-O Nge7 8.Bg5 O-O
9.Qd2 Nd4 10.Rae1 e5 11.Nxd4 cxd4 12.Bxe7 Qxe7 13.Nd5 Qd8 14.f4 Be6 15.f5 Bxd5
16.exd5 Bf6 17.fxg6 hxg6 18.h4 Kg7 19.c4 dxc3 20.bxc3 Rc8 21.c4 b5 22.cxb5 Qb6+
23.Kh1 Qxb5 24.d4 Qb6 25.Re4 exd4 26.Bh3 Rce8 27.Rg4 Qb5 28.Bg2 Qe2 29.Qf4 Be5
30.Qf5 Kh8 31.Qg5 Qe3 32.Qxe3 dxe3 33.Re1 Bc3 34.Re2 Kg7 35.Rc4 Ba5 36.Rc6 Bb4
37.Bf3 Bc5 38.Kg2 Kf6 39.g4 Ke5 40.Ra6 f5 41.Ra4 Rh8 42.g5 Rb8 43.Rc4 a5
44.Kg3 Rb1 45.Kg2 Rb4 46.Rxb4 axb4 47.Kg3 Kd4 48.h5 gxh5 49.Kf4 Kd3 50.g6 Bd4
51.Re1 Be5+ 52.Kg5 f4 53.Rd1+ Kc2 54.Rg1 h4 55.Rg2+ Kd3 56.Kf5 h3 57.Rh2 Rf8+
58.Kg5 Rc8 59.Kf5 Rc1 60.Be2+ Kd4 61.Bf3 Rf1 62.Rxh3 Rxf3  0-1

[Event "Rapid Match"]
[Site "Poznan POL"]
[Date "2012.07.30"]
[Round "4"]
[White "Jobava,Ba"]
[Black "Wojtaszek,R"]
[Result "1/2-1/2"]
[WhiteElo "2730"]
[BlackElo "2717"]

1.e4 c5 2.Nc3 d6 3.Nge2 Nc6 4.d4 cxd4 5.Nxd4 e6 6.Be2 Nf6 7.O-O Be7 8.Be3 O-O
9.Kh1 e5 10.Nf5 Bxf5 11.exf5 d5 12.Bg5 d4 13.Bxf6 dxc3 14.Bxe7 Nxe7 15.f6 gxf6
16.bxc3 Qxd1 17.Rfxd1 Rad8 18.c4 f5 19.g3 Kg7 20.Kg2 Kf6 21.c5 Nc6 22.c3 Rxd1
23.Rxd1 Rd8 24.Rd6+ Rxd6 25.cxd6 Ke6 26.Bc4+ Kxd6 27.Bxf7 e4 28.Bg8 h6 29.f3 exf3+
30.Kxf3 Ke5 31.g4 Ne7 32.Bf7 b6 33.gxf5 Nxf5 34.Bc4 Nd6 35.Bd3 Nb7 36.Kg4 Nc5
37.Bc2 Kf6 38.Kh5 Kg7 39.Kg4 Kf6  1/2-1/2

[Event "TCh-CZE Extraliga 2012-13"]
[Site "Czech Republic CZE"]
[Date "2012.11.03"]
[Round "1.1"]
[White "Cicak,S"]
[Black "Wojtaszek,R"]
[Result "0-1"]
[WhiteElo "2579"]
[BlackElo "2734"]

1.c4 Nf6 2.Nf3 c6 3.Qc2 d5 4.g3 Bg4 5.Bg2 Nbd7 6.O-O Bxf3 7.exf3 dxc4 8.Qxc4 g6
9.f4 Bg7 10.d4 O-O 11.Nd2 e6 12.Nf3 Nd5 13.Ne5 Ne7 14.Be3 Nb6 15.Qc5 Nf5
16.b4 Nd5 17.Rfe1 a6 18.a4 Re8 19.Rab1 Bf8 20.Qc4 Rc8 21.Nd3 Qe7 22.Qb3 Red8
23.Nc5 Bg7 24.Rbd1 Ra8 25.a5 Rab8 26.Be4 Qf6 27.Bb1 Nc7 28.g4 Nd6 29.Nd3 Qh4
30.g5 Nf5 31.Ne5 Nd5 32.Bxf5 gxf5 33.Nd3 Qg4+ 34.Kf1 Bxd4 35.Bd2 Qh3+ 36.Kg1 Qf3
37.Rf1 h6 38.Nc1 Bc3  0-1

[Event "TCh-CZE Extraliga 2012-13"]
[Site "Czech Republic CZE"]
[Date "2012.11.04"]
[Round "2.1"]
[White "Wojtaszek,R"]
[Black "Korobov,A"]
[Result "1/2-1/2"]
[WhiteElo "2734"]
[BlackElo "2702"]

1.d4 d5 2.c4 c6 3.Nc3 dxc4 4.e3 b5 5.a4 b4 6.Ne4 Qd5 7.Ng3 Nf6 8.Be2 Ba6
9.e4 Nxe4 10.Bf3 f5 11.N1e2 Qf7 12.Nxe4 fxe4 13.Bxe4 e6 14.Bf4 Be7 15.Bxb8 Rxb8
16.Bxc6+ Kf8 17.O-O Bd6 18.Ng3 h5 19.Ne4 Qc7 20.Qf3+ Kg8 21.d5 Rf8 22.Qh3 Rh6
23.Ng5 Bc8 24.Rae1 Bc5 25.Qg3 Bd6 26.Qh3 Bc5 27.Qg3 Bd6  1/2-1/2

[Event "5th Kolkata Open"]
[Site "Kolkata IND"]
[Date "2012.12.11"]
[Round "9.7"]
[White "Laxman,R"]
[Black "Wojtaszek,R"]
[Result "0-1"]
[WhiteElo "2456"]
[BlackElo "2734"]

1.d4 Nf6 2.c4 e6 3.g3 d5 4.Nf3 Bb4+ 5.Bd2 Be7 6.Bg2 O-O 7.Qc2 c6 8.O-O Nbd7
9.Rd1 a5 10.Bf4 h6 11.b3 b5 12.a4 bxc4 13.bxc4 Ba6 14.c5 g5 15.Bc1 Ne4 16.Ne1 f5
17.f3 Nef6 18.Nd3 Qe8 19.Bb2 Bd8 20.Nc3 Bc7 21.Nf2 f4 22.gxf4 Bxf4 23.Bc1 Bc7
24.e4 Qg6 25.Qd2 Nh5 26.e5 Nf4 27.Bf1 Bxf1 28.Rxf1 Rf7 29.Rb1 Raf8 30.Rb3 Qh5
31.Qd1 Nxe5 32.dxe5 Bxe5 33.Bxf4 Rxf4 34.Qe2 Qxf3 35.Qe1 Rh4  0-1

[Event "5th Kolkata Open"]
[Site "Kolkata IND"]
[Date "2012.12.12"]
[Round "10.4"]
[White "Wojtaszek,R"]
[Black "Vishnu,P"]
[Result "1/2-1/2"]
[WhiteElo "2734"]
[BlackElo "2469"]

1.Nf3 Nf6 2.c4 e6 3.g3 d5 4.Bg2 dxc4 5.Qa4+ Nbd7 6.Qxc4 a6 7.Qc2 c5 8.Nc3 Ra7
9.O-O b6 10.d4 Bb7 11.e4 cxd4 12.Nxd4 Be7 13.Rd1 Qc8 14.Qe2 Qa8 15.f3 O-O
16.Be3 Rc8 17.Rac1 Bf8 18.Rc2 Qb8 19.Rdc1 Ra8 20.Nb3 Bd6 21.a3 h5 22.Bf2 h4
23.f4 hxg3 24.hxg3 e5 25.f5 a5 26.g4 Nc5 27.Nxc5 Bxc5 28.g5 Nh7 29.g6 Nf6
30.gxf7+ Kxf7 31.Bxc5 Rxc5 32.Na4 Ba6 33.Qd2 Rxc2 34.Qxc2 Qd8 35.Qb3+ Kf8
36.Rd1 Qc7 37.Qxb6 Qxb6+ 38.Nxb6 Rb8 39.Rd6 Bb7 40.Rxf6+ gxf6 41.Nd7+ Ke7
42.Nxb8 Kd6 43.Kf2 Kc7 44.Ke3 Kxb8 45.Kd3 Ba6+ 46.Kc3 Kc7 47.b4 Kb6 48.Bf3 axb4+
49.Kxb4 Bd3 50.a4 Kc6 51.a5 Kd6 52.Kc3 Ba6 53.Bd1 Kc5 54.Bc2 Bb5 55.Bd3 Bc6
56.a6 Ba8 57.Bb1 Bc6 58.Bd3 Ba8 59.Bb1 Bc6 60.Kd2 Kd4 61.Ke2 Kc5 62.Ke3 Kb6
63.Bd3 Bd7 64.Kd2 Bc6 65.Kc3 Kc5 66.Kd2 Ba8 67.Ke2 Bc6 68.Ke3 Kb6 69.Bc4 Bd7
70.Be6 Bb5 71.Bc8 Bxa6 72.Bxa6 Kxa6 73.Kf3 Kb5 74.Kg4 Kc4 75.Kh5 Kd4 76.Kg6 Kxe4
77.Kxf6 Kd4  1/2-1/2

[Event "11th Gibraltar Masters"]
[Site "Caleta ENG"]
[Date "2013.01.27"]
[Round "6.16"]
[White "Mastrovasilis,A"]
[Black "Wojtaszek,R"]
[Result "1/2-1/2"]
[WhiteElo "2498"]
[BlackElo "2723"]

1.d4 Nf6 2.c4 e6 3.Nc3 Bb4 4.Bg5 c5 5.d5 d6 6.e3 exd5 7.cxd5 Nbd7 8.Bd3 Qa5
9.Ne2 Nxd5 10.O-O Bxc3 11.bxc3 c4 12.Bc2 O-O 13.Ng3 Nxc3 14.Qh5 f5 15.Be7 Nf6
16.Qh4 Rf7 17.Qxc4 d5 18.Qb4 Qxb4 19.Bxb4 Nce4 20.Rfd1 Nxg3 21.hxg3 Be6 22.Bb3 Rc8
23.Rab1 Rfc7 24.Bd6 Rd7 25.Be5 Ne4 26.Rbc1 Nc5 27.Rc3 b6 28.Rdc1 Kf8 29.Ba4 Rdd8
30.Bb5 Kf7 31.Bd4 g6 32.Bxc5 bxc5 33.Rxc5 Rxc5 34.Rxc5 Rc8 35.Rxc8 Bxc8 36.Kf1 Ke6
37.Ke2 Kd6 38.Kd3 Ke5 39.a4 a6 40.Be8 a5 41.Bb5 Bb7 42.f3 Bc8 43.Kc3 Bb7
44.Kd3  1/2-1/2

[Event "Vladimir Petrov Memorial"]
[Site "Jurmala LAT"]
[Date "2013.02.15"]
[Round "1.5"]
[White "Putka,V"]
[Black "Wojtaszek,R"]
[Result "0-1"]
[WhiteElo "2321"]
[BlackElo "2710"]

1.Nf3 Nf6 2.c4 b6 3.g3 Bb7 4.Bg2 g6 5.d4 Bg7 6.O-O O-O 7.Nc3 Ne4 8.Qc2 Nxc3
9.bxc3 Nc6 10.Rb1 Na5 11.Nd2 Bxg2 12.Kxg2 d6 13.e4 c5 14.d5 Qd7 15.f4 Rae8
16.Rf3 e6 17.dxe6 Qxe6 18.Qd3 f5 19.exf5 Rxf5 20.Rf2 d5 21.g4 Rf7 22.f5 dxc4
23.Qf3 Qe3 24.Qxe3 Rxe3 25.Nxc4 Nxc4 26.Bxe3 Nxe3+ 27.Kf3 Nc4 28.Ke4 gxf5+
29.gxf5 Nd6+ 30.Kd5 Nxf5 31.Re2 Bxc3 32.Re8+ Kg7 33.Rg1+ Kh6 34.Ke6 Rf6+
35.Kd5 Bd4 36.Rb1 Ne3+ 37.Ke4 Nc4 38.Kd3 Nd6 39.Re7 Rf3+ 40.Ke2 Rf2+ 41.Kd3 c4+  0-1

[Event "Vladimir Petrov Memorial"]
[Site "Jurmala LAT"]
[Date "2013.02.15"]
[Round "2.5"]
[White "Wojtaszek,R"]
[Black "Ulibin,M"]
[Result "1-0"]
[WhiteElo "2710"]
[BlackElo "2521"]

1.d4 d5 2.c4 c5 3.cxd5 Qxd5 4.Nf3 cxd4 5.Nc3 Qa5 6.Nxd4 Nf6 7.g3 e5 8.Nb3 Qc7
9.Bg2 Bb4 10.Bd2 O-O 11.Rc1 Nc6 12.O-O Rd8 13.Qc2 h6 14.Ne4 Nd5 15.Rfd1 Qb6
16.Bxh6 Be7 17.Bd2 Bg4 18.Ng5 Nf6 19.Qc4 Bh5 20.Bf3 Bg6 21.Be3 Qb4 22.Qxb4 Rxd1+
23.Rxd1 Nxb4 24.Bxb7 Rb8 25.Na5 Nxa2 26.Bxa7 Re8 27.Nc6 Bf8 28.f3 Nb4 29.Nxb4 Bxb4
30.e4 Bf8 31.Bc6 Rc8 32.Rc1 Be7 33.Be3 Rb8 34.Rc2 Kf8 35.Kf2 Ng8 36.h4 Bb4
37.g4 f6 38.Ne6+ Kf7 39.Bd5 Ne7 40.Bc4 Rc8 41.h5 Bh7 42.Ng5+  1-0

[Event "Vladimir Petrov Memorial"]
[Site "Jurmala LAT"]
[Date "2013.02.15"]
[Round "4.1"]
[White "Shirov,A"]
[Black "Wojtaszek,R"]
[Result "0-1"]
[WhiteElo "2709"]
[BlackElo "2710"]

1.e4 c5 2.Nf3 d6 3.d4 cxd4 4.Nxd4 Nf6 5.Nc3 a6 6.h3 e5 7.Nde2 h5 8.g3 Be7
9.Bg2 b5 10.a4 b4 11.Nd5 Nxd5 12.Qxd5 Ra7 13.Be3 Be6 14.Qd3 Rd7 15.O-O-O b3
16.Nc3 bxc2 17.Rd2 Qa5 18.Qxc2 Rc7 19.f4 Qb4 20.Kb1 Bb3 21.Qd3 O-O 22.fxe5 dxe5
23.Nd5 Qxa4 24.Nxc7 Rc8 25.Bb6 Qa2+ 26.Kc1 Nd7 27.Qb1 Nxb6  0-1

[Event "Vladimir Petrov Memorial"]
[Site "Jurmala LAT"]
[Date "2013.02.16"]
[Round "6.2"]
[White "Kurnosov,I"]
[Black "Wojtaszek,R"]
[Result "0-1"]
[WhiteElo "2649"]
[BlackElo "2710"]

1.e4 c5 2.Nf3 d6 3.d4 cxd4 4.Nxd4 Nf6 5.Nc3 a6 6.Bg5 Nbd7 7.Qe2 h6 8.Bh4 g6
9.f4 e5 10.fxe5 dxe5 11.O-O-O Qc7 12.Nb3 b5 13.Qf3 Bg7 14.Bd3 O-O 15.Kb1 Bb7
16.a3 Bc6 17.g4 Rab8 18.Nd5 Bxd5 19.exd5 e4 20.Bxe4 Qe5 21.Rd4 Qd6 22.Qd1 Ne5
23.Bg3 Nfd7 24.h4 Nb6 25.Na5 Nbc4 26.Nc6 Rbe8 27.c3 Qc5 28.Nxe5 Nxe5 29.h5 Nc4
30.hxg6 Nxb2 31.Kxb2 Rxe4 32.Bd6 Qxd6 33.Rxe4 fxg6 34.Rf1 Rc8 35.Rf3 Rd8
36.Qd3 Bf8 37.c4 Bg7+ 38.Ka2 bxc4 39.Qxc4 Rb8 40.Rb3 Rf8 41.Rbe3 Kh7 42.Qb3 Qf6
43.Re5 Re8 44.g5 Qf2+ 45.Re2 Qd4 46.gxh6 Rxe5  0-1

[Event "Vladimir Petrov Memorial"]
[Site "Jurmala LAT"]
[Date "2013.02.16"]
[Round "7.1"]
[White "Wojtaszek,R"]
[Black "Kovalenko,I"]
[Result "1-0"]
[WhiteElo "2710"]
[BlackElo "2586"]

1.d4 Nf6 2.c4 e6 3.Nf3 b6 4.g3 Ba6 5.Qb3 Nc6 6.Nbd2 Bb4 7.Bg2 O-O 8.O-O Rb8
9.Qc2 Na5 10.b3 d5 11.Bb2 c5 12.dxc5 dxc4 13.Nxc4 Nxc4 14.bxc4 bxc5 15.Rfd1 Qe7
16.Ng5 e5 17.Rd5 h6 18.Rxe5 Qc7 19.Re7 Qb6 20.Bxf6 hxg5 21.Bxg5 Bb7 22.Bxb7 Rxb7
23.Rxb7 Qxb7 24.Rd1 f6 25.Be3 Re8 26.Rd5 Qf7 27.Qd3 Ba5 28.Bxc5 Qe6 29.Bxa7 Bc7
30.Be3 Ra8 31.Rd7 Be5 32.Rd8+ Rxd8 33.Qxd8+ Kh7 34.Qd3+ g6 35.Qd5 Qg4 36.Qf7+ Kh8
37.Bh6  1-0

[Event "Vladimir Petrov Memorial"]
[Site "Jurmala LAT"]
[Date "2013.02.16"]
[Round "10.1"]
[White "Wojtaszek,R"]
[Black "Krasenkow,M"]
[Result "1/2-1/2"]
[WhiteElo "2710"]
[BlackElo "2643"]

1.c4 e5 2.g3 c6 3.d4 e4 4.Nc3 d5 5.Nh3 Na6 6.cxd5 cxd5 7.Qb3 Nc7 8.Bf4 Bd6
9.e3 Ne7 10.Bxd6 Qxd6 11.Nb5 Nxb5 12.Bxb5+ Kf8 13.Nf4 g5 14.Nh5 Bg4 15.Be2 Bxe2
16.Kxe2 f5 17.h4 h6 18.Rac1 Kf7 19.hxg5 hxg5 20.g4 fxg4 21.Ng3 Kg6 22.Rxh8 Rxh8
23.Qxb7 Rb8 24.Qc7 Rxb2+ 25.Kf1 Qf6 26.Rc2 Rxc2 27.Qxc2 Qc6 28.Qb2 Nf5 29.Nxf5 Kxf5
30.Qb8  1/2-1/2

[Event "Vladimir Petrov Memorial"]
[Site "Jurmala LAT"]
[Date "2013.02.17"]
[Round "12.2"]
[White "Wojtaszek,R"]
[Black "Oparin,G"]
[Result "1-0"]
[WhiteElo "2710"]
[BlackElo "2478"]

1.d4 d5 2.c4 e6 3.Nc3 Be7 4.cxd5 exd5 5.Bf4 c6 6.e3 Bf5 7.g4 Be6 8.h4 Nd7
9.h5 Ngf6 10.f3 h6 11.Bd3 Nb6 12.Nge2 Bd6 13.Qc2 Qe7 14.O-O-O Bxf4 15.Nxf4 O-O-O
16.Kb1 Kb8 17.Rhg1 Ne8 18.Qh2 Nd6 19.Qg3 Ka8 20.Ka1 Rhe8 21.Rge1 Ndc4 22.Qf2 f6
23.Ng6 Qb4 24.Nh4 Re7 25.Rc1 Rde8 26.Ng6 Rd7 27.b3 Nd6 28.Qb2 Nf7 29.Nf4 Ng5
30.Bg6 Bf7 31.Bf5 Rde7 32.Qf2 Qd6 33.Nd3 Be6 34.Bg6 Bf7 35.Bf5 Be6 36.Nc5 Bxf5
37.gxf5 Nd7 38.f4 Ne4 39.N3xe4 dxe4 40.Ne6 Nf8 41.Nxf8 Rxf8 42.Rc5 Rd8 43.Rec1 Qd7
44.Qc2 a6 45.b4 Qe8 46.a4 Red7 47.b5 cxb5 48.axb5 axb5 49.Rxb5 Rd5 50.Qa2+ Kb8
51.Rxd5 Rxd5 52.Qxd5 Qa4+ 53.Qa2  1-0

[Event "Vladimir Petrov Memorial"]
[Site "Jurmala LAT"]
[Date "2013.02.17"]
[Round "13.1"]
[White "Sandipan,C"]
[Black "Wojtaszek,R"]
[Result "1/2-1/2"]
[WhiteElo "2590"]
[BlackElo "2710"]

1.d4 Nf6 2.Nf3 d5 3.c4 e6 4.g3 Bb4+ 5.Bd2 Be7 6.Bg2 O-O 7.O-O c6 8.Qc2 Nbd7
9.Rd1 b6 10.Bf4 Bb7 11.Ne5 Nh5 12.Bd2 Nhf6 13.cxd5 cxd5 14.Nc6 Bxc6 15.Qxc6 Rc8
16.Qb5 Ne8 17.Qd3 Nd6 18.Nc3 Nb8 19.b3 Nc6 20.e3 Qd7 21.Rdc1 Rc7 22.Nd1 Rfc8
23.Bc3  1/2-1/2

[Event "Vladimir Petrov Memorial"]
[Site "Jurmala LAT"]
[Date "2013.02.17"]
[Round "14.2"]
[White "Wojtaszek,R"]
[Black "Alekseev,Evgeny"]
[Result "1/2-1/2"]
[WhiteElo "2710"]
[BlackElo "2695"]

1.d4 Nf6 2.c4 e6 3.Nf3 d5 4.Nc3 Bb4 5.e3 O-O 6.Bd3 c5 7.O-O cxd4 8.exd4 dxc4
9.Bxc4 b6 10.Bg5 Bb7 11.Ne5 h6 12.Bh4 Nbd7 13.Nxd7 Qxd7 14.Bxf6 gxf6 15.d5 Bxc3
16.bxc3 Bxd5 17.Qg4+ Kh7  1/2-1/2

[Event "3rd Ferdynand Dziedzica Mem"]
[Site "Trzcianka POL"]
[Date "2013.03.03"]
[Round "2.1"]
[White "Wesolowski,E"]
[Black "Wojtaszek,R"]
[Result "0-1"]
[WhiteElo "2018"]
[BlackElo "2700"]

1.c4 Nf6 2.Nc3 e5 3.Nf3 Nc6 4.d3 g6 5.g3 Bg7 6.Bg2 O-O 7.O-O d6 8.Rb1 a5
9.a3 Bf5 10.b4 axb4 11.axb4 Qd7 12.b5 Nd8 13.Re1 h6 14.Bb2 Bh3 15.Bh1 Ne6
16.Nd2 Rab8 17.Nb3 Ng4 18.Na5 Nd8 19.e3 f5 20.f3 Nf6 21.f4 g5 22.Nd5 Ng4
23.Qd2 Ne6 24.Nb4 b6 25.Nac6 Rbe8 26.Ba1 Nc5 27.Qc2 Kh8 28.d4 Ne4 29.Bxe4 fxe4
30.dxe5  0-1

[Event "3rd Ferdynand Dziedzica Mem"]
[Site "Trzcianka POL"]
[Date "2013.03.03"]
[Round "3.1"]
[White "Wojtaszek,R"]
[Black "Kula,R"]
[Result "1-0"]
[WhiteElo "2700"]
[BlackElo "2345"]

1.d4 d5 2.c4 c6 3.Nf3 Nf6 4.Nc3 Nbd7 5.cxd5 Nxd5 6.e4 Nxc3 7.bxc3 g6 8.Bc4 Nb6
9.Bb3 Bg7 10.O-O O-O 11.h3 h6 12.a4 Kh7 13.Ba3 f5 14.e5 Nd5 15.Qd2 Be6 16.c4 Nc7
17.Rad1 b5 18.axb5 Nxb5 19.Bc5 Bg8 20.Rfe1 Nc7 21.Ba2 Ne6 22.Ba3 Qd7 23.d5 cxd5
24.cxd5 Nc7 25.e6 Qd8 26.d6 Nb5 27.dxe7 Qxd2 28.exf8=N+ Rxf8 29.Rxd2 Nxa3
30.Rd7 Nc2 31.Rb1 Kh8 32.Rxa7 Re8 33.Bb3 Nd4 34.Nxd4 Bxd4 35.Rd7 Bf6 36.Bd5 Be5
37.Re1 Bc3 38.Re2 f4 39.e7 Bxd5 40.Rxd5 Kg7 41.Rd8 Kf7 42.Rxe8 Kxe8 43.Re6 g5
44.Kf1 Bb4 45.Ke2 Bxe7 46.Rxh6 Kf8 47.Kf3 Kg7 48.Re6 Bc5 49.Re5  1-0

[Event "3rd Ferdynand Dziedzica Mem"]
[Site "Trzcianka POL"]
[Date "2013.03.03"]
[Round "4.1"]
[White "Szelag,M"]
[Black "Wojtaszek,R"]
[Result "1-0"]
[WhiteElo "2484"]
[BlackElo "2700"]

1.e4 c5 2.Nf3 d6 3.d4 cxd4 4.Nxd4 Nf6 5.Nc3 a6 6.Be3 e5 7.Nb3 Be6 8.f3 Nbd7
9.Qd2 b5 10.O-O-O h5 11.Kb1 Be7 12.f4 Rc8 13.f5 Bc4 14.Bxc4 Rxc4 15.Qd3 Qa8
16.Nd2 Rc7 17.Bg5 O-O 18.Bxf6 Nxf6 19.Nd5 Nxd5 20.exd5 Rfc8 21.c3 Qb7 22.g4 e4
23.Nxe4 b4 24.c4 Rxc4 25.Rhg1 b3 26.axb3 Rb4 27.Rg3 h4 28.Rf3 a5 29.f6 gxf6
30.Rdf1 Rb8 31.Ng5 Kf8 32.Qh7 Ke8 33.Qxf7+ Kd8 34.Re3 Rxb3 35.Qg8+ Kd7 36.Rxe7+  1-0

[Event "3rd Ferdynand Dziedzica Mem"]
[Site "Trzcianka POL"]
[Date "2013.03.03"]
[Round "6.5"]
[White "Przezdziecka,M"]
[Black "Wojtaszek,R"]
[Result "0-1"]
[WhiteElo "2298"]
[BlackElo "2700"]

1.d4 Nf6 2.Nf3 c5 3.d5 d6 4.Nc3 g6 5.e4 Bg7 6.Bb5+ Nbd7 7.a4 O-O 8.O-O Ne8
9.Bf4 Nc7 10.Re1 Nxb5 11.axb5 Nb6 12.Qe2 e5 13.Bd2 f5 14.Na4 Nd7 15.b4 b6
16.bxc5 bxc5 17.Nb2 Nf6 18.Bg5 Qc7 19.Bxf6 Bxf6 20.Nd2 Rb8 21.Reb1 Bd7 22.c4 Bg5
23.Rd1 Rf7 24.Ra3 Rbf8 25.f3 Bc8 26.Nd3 Qe7 27.Raa1 h5 28.Nb3 fxe4 29.Qxe4 Bf5
30.Qe2 e4 31.fxe4 Bg4  0-1

[Event "3rd Ferdynand Dziedzica Mem"]
[Site "Trzcianka POL"]
[Date "2013.03.03"]
[Round "8.2"]
[White "Urban,K"]
[Black "Wojtaszek,R"]
[Result "1/2-1/2"]
[WhiteElo "2467"]
[BlackElo "2700"]

1.d4 Nf6 2.c4 e6 3.Nc3 c5 4.d5 exd5 5.cxd5 d6 6.Nf3 g6 7.Nd2 Bg7 8.e4 O-O
9.Be2 Re8 10.O-O Na6 11.f3 Nc7 12.a4 Nd7 13.Kh1 b6 14.Nb5 Nxb5 15.Bxb5 Qe7
16.Nc4 Rd8 17.Bf4 Ne5 18.Nxe5 Bxe5 19.Bxe5 Qxe5 20.Qd2 Bd7 21.Bxd7 Rxd7 22.Rfe1 Re8
23.f4 Qh5 24.Ra3 Rde7 25.Rae3 Qg4 26.Qf2 h5 27.h3 Qd7 28.b3 Kh7 29.Qd2 b5
30.axb5 Qxb5 31.e5 c4 32.bxc4 Qxc4 33.Re4 Qc8 34.Qe2 Qc5 35.Qd2 Qc8 36.Qe2  1/2-1/2